AKUSTICKÁ EMISE PŘI KONTAKTNÍM ZATĚŽOVANÍ LITINY S TEPELNĚ ZPRACOVANÝM POVRCHEM

Bibliographic Details
Main Authors: Dvořáček, Jiří (Author), Petráš, Jiří (Author), Mazal, Pavel (Author)
Format: Article
Language:Czech

MARC

LEADER 00000naa a2200000uu 4500
001 vtls010955748
003 SK-MaSNL
005 20260302125943.0
008 220810|1997 xo |||||||||||||||||cze|
015 |a SNBRA 
035 |a (urnnbn)urn:nbn:sk:snk:ar-a0bng0 
035 |a (uuid)edb173a4-dba5-466c-8a53-278c3b16fa26 
035 |a urn:nbn:sk:snk-aaufe0 
040 |a SNKBUCL  |b slo  |c SNKBUCL  |e AACR2 
041 0 |a cze 
044 |a xo  |c SK 
100 1 |a Dvořáček, Jiří  |4 aut  |9 446675 
245 1 0 |a AKUSTICKÁ EMISE PŘI KONTAKTNÍM ZATĚŽOVANÍ LITINY S TEPELNĚ ZPRACOVANÝM POVRCHEM  |c Jiří Dvořáček, Jiří Petráš, Pavel Mazal 
700 1 |a Petráš, Jiří  |4 aut  |9 766177 
700 1 |a Mazal, Pavel  |4 aut  |9 785396 
773 0 |t Kvalita a spoľahlivosť strojov  |d Nitra : Slovenská poľnohospodárska univerzita, 1997  |g S. 112-115  |z 8071373753 
954 |a odborná, vedecká literatúra cudzojazyčná (svetová)  |2 lita 
958 |a OND 
958 |a article11 
958 |a chapter 
999 |c 1296621  |d 1298551